Normalizovaná úprava písemností

Saved in:
Bibliographic Details
Main Author: Freml, Václav (Author)
Format: Book
Language:Czech
Published: Bratislava : Slovenské pedagogické nakladateľstvo, 1981
Edition:1. vyd.
Tags: Add Tag
No Tags, Be the first to tag this record!

MARC

LEADER 00000nam a22000003a 4500
001 stu33455
005 20150617225734.3
008 981020s1981------------------------cze-d
040 |a STU  |b slo 
041 0 |a cze 
080 |a 651.7 
100 1 |a Freml, Václav  |4 aut 
245 1 |a Normalizovaná úprava písemností 
250 |a 1. vyd. 
260 |a Bratislava :  |b Slovenské pedagogické nakladateľstvo,  |c 1981 
300 |a 130 s 
996 |b E49270  |c E*49270  |l EE05  |s P  |a 0  |w stu33455_0002